01677 a2200241 45000010006000000050017000060080041000230030015000640400040000790800140001192450055002590200018003142640033003323000019003655050686003840410008010709420007010785900036010851000026011218560163011479990015013109520110013252523620260407155536.0260407a1984 arg spa dAR-UNSa-BCEJYS aAR-UNSa-BCEJYSbspacAR-UNSa-BCEJYS a347.72.04xModificación legal de las condiciones de la sociedad. Extinción. Disolución. Liquidación. Reconstitución. Fusión10aReorganizaciones empresariales libres de impuestos a950-527-013-3 1aBuenos Aires :bLa Leyc1984 a176 p.c24 cm. a1. La reorganización empresaria - 2. La fusión - 3. La división o escisión de empresas - 4. Ventas y transferencias en conjunto económico - 5. La transformación societaria como acto fiscal de reorganización - 6. Traslado de los derechos y obligaciones fiscales - 7. La reorganización empresaria frente a otros impuestos nacionales - 8. La reorganización empresaria frente a los gravamenes locales - 9. Efectivización de los beneficios fiscales - 10. Otros efectos de la reorganización - 11. Reorganizaciones empresariales libres de impuestos a nivel internacional - 12. Reorganizaciones empresariales libres de impuestos en el derecho comparado - Apéndice.  aspa cBK aniveau_biblio:m niveau_hierar:01 aAsorey, Rubén Oscar41uhttps://biblioeco.unsa.edu.ar/pmb/images/libros/Reorganizaciones empresariales libres de impuestos Asorey, Rub?n O. (1984).jpgyImagen de portadaqimage/jpeg c1343d1343 00104070aBCEJYSbBCEJYSc16d2026-04-07l0o347.72.04 A837pL44380r2026-04-07 15:55:36w2026-04-07yL